| 000 | 00000nam 2200000zi 4500 |
| 001 | 9.946758 |
| 003 | CaOODSP |
| 005 | 20250121091805 |
| 006 | m o d f |
| 007 | cr bn||||||||| |
| 008 | 250110s1965 onca obu f001 0 fre d |
| 040 | |aCaOODSP|bfre|erda|cCaOODSP |
| 043 | |an-cn--- |
| 086 | 1 |aNR24-28/1965-7F-PDF |
| 245 | 00|aNormes de construction pour les handicapés 1965 : |bsupplément no 7 du Code national du bâtiment du Canada / |cpublié par le Comité associé sur le Code national du bâtiment. |
| 246 | 10|aSupplément no 7 du Code national du bâtiment du Canada |
| 264 | 1|aOttawa, Canada : |bConseil national de recherches, |c1965. |
| 300 | |a1 ressource en ligne (20 pages, 2 pages non numérotées) : |billustrations |
| 336 | |atexte|btxt|2rdacontent/fre |
| 337 | |ainformatique|bc|2rdamedia/fre |
| 338 | |aressource en ligne|bcr|2rdacarrier/fre |
| 500 | |aPublié aussi en anglais sous le titre : Building standards for the handicapped 1965 : supplement no. 7 to the National Building Code of Canada. |
| 504 | |aComprend des références bibliographiques (page 3) et un index. |
| 520 | |a« En tant que supplément au Code national du bâtiment du Canada, cet ouvrage ne doit pas être appliqué automatiquement à la lettre lorsque le Code est adopté par les gouvernements fédéral, provinciaux et municipaux. Ce supplément est essentiellement un guide à l'usage des personnes intéressées au calcul et à la construction de bâtiments spécialement agencés pour les physiquement handicapés » -- Avant-propos, page 1. |
| 650 | 6|aConstruction|xDroit|zCanada|vCodes. |
| 650 | 6|aConstructions|xNormes|zCanada. |
| 650 | 6|aAccessibilité aux personnes handicapées|xDroit|zCanada. |
| 710 | 2 |aConseil national de recherches Canada. |bComité associé sur le Code national du bâtiment, |eorganisme de publication. |
| 775 | 08|tBuilding standards for the handicapped 1965 : |w(CaOODSP)9.946139 |
| 794 | |tNormes de construction pour les handicapés 1970 : |w(CaOODSP)9.946143 |
| 856 | 40|qPDF|s885 Ko|uhttps://publications.gc.ca/collections/collection_2025/cnrc-nrc/NR24-28-1965-7-fra.pdf |
| 986 | |a8333-F |